[Event "Mechanics' Winter TNM; G/2 d5"]
[Site "San Francisco"]
[Date "2018.01.23"]
[Round "3.45"]
[White "Cowgill, Jackie"]
[Black "Brown, Nicholas M"]
[Result "1/2-1/2"]
[WhiteElo "927"]
[BlackElo "1490"]
[Annotator "Donaldson"]
[PlyCount "149"]
[EventDate "2018.??.??"]
[Source "ChessBase"]
[SourceDate "2007.09.04"]

1. e4 c6 2. d4 d5 3. exd5 cxd5 4. c4 Nf6 5. Nf3 e6 6. Nc3 Be7 7. Be2 (7. cxd5
Nxd5 8. Bd3 {and} (8. Bc4 {
lead to very well-known isolated queen pawn positions.})) 7... dxc4 8. Bxc4 O-O
9. O-O Qc7 10. Bd3 b6 11. Be3 Bb7 12. Ne5 a6 13. Rc1 Bd6 14. Nb5 Qe7 15. Nxd6
Qxd6 16. a4 Qd5 17. Nf3 Nc6 18. Bc4 Qd8 19. Qd2 Na5 20. Ba2 Bxf3 21. gxf3 Rc8
22. b4 Nc6 23. b5 axb5 24. axb5 Ne7 25. Bg5 Rxc1 26. Rxc1 Ned5 27. Bxd5 Qxd5
28. Bxf6 gxf6 29. Qf4 Qg5+ 30. Qg3 Kh8 31. Qxg5 fxg5 32. Rc7 Kg7 33. Rb7 Rd8
34. Kf1 Rd6 35. Ke2 Kf6 36. Ke3 Kg6 37. h3 h5 38. Ke4 Kf6 39. Ke3 Kg6 40. Ke4
f6 41. Ke3 Kf5 42. Rb8 h4 43. Rb7 Kg6 44. Rb8 Kf5 45. Rb7 Kg6 46. Rb8 Kf7 47.
Rb7+ Ke8 48. Ke4 Kd8 49. Rg7 Rd5 50. Ke3 $1 (50. f4 $11) 50... Rxb5 51. Ra7 Ke8
52. Rb7 f5 53. Kd3 Rb3+ 54. Ke2 Rb5 55. Kd3 Kd8 56. Rg7 f4 57. Ke4 Rd5 58. Rb7
b5 59. Ra7 b4 60. Rb7 Kc8 61. Rxb4 Kd7 62. Rb6 Rd6 63. Rxd6+ Kxd6 64. Kd3 Kd5
65. Kc3 e5 66. dxe5 Kxe5 67. Kd3 Kd5 68. Kc2 Kc4 69. Kd1 Kd3 70. Ke1 Kc3 71.
Ke2 Kc2 72. Ke1 Kc3 73. Ke2 Kc4 74. Kd2 Kd4 75. Ke2 1/2-1/2

[Event "Mechanics' Shipman TNM; G/2 d/5"]
[Site "San Francisco"]
[Date "2018.09.04"]
[Round "5.45"]
[White "Cowgill, Jackie"]
[Black "Bryan, Robert R"]
[Result "1-0"]
[WhiteElo "1104"]
[BlackElo "336"]
[PlyCount "53"]
[EventDate "2018.??.??"]
[Source "ChessBase"]
[SourceDate "2007.09.04"]

1. e4 c6 2. Nf3 d5 3. exd5 cxd5 4. d4 e6 5. c4 Nf6 6. Nc3 Bd6 7. cxd5 O-O 8.
dxe6 fxe6 9. Be2 Nc6 10. O-O a6 11. a3 e5 12. dxe5 Bc5 13. Qb3+ Nd5 14. Nxd5 b5
15. Nb6+ Kh8 16. Nxa8 Na5 17. Qc3 Be6 18. Be3 Bxe3 19. Qxe3 Qxa8 20. Qb6 Rf7
21. Qxe6 Rc7 22. h4 Nb3 23. Rad1 Nd4 24. Nxd4 a5 25. Bf3 Qb8 26. Nc6 Qa8 27.
Rd8+ 1-0

[Event "Mechanics' Shipman TNM; G/2 d/5"]
[Site "San Francisco"]
[Date "2018.08.28"]
[Round "4.40"]
[White "Cowgill, Jackie"]
[Black "Carron, Joel"]
[Result "0-1"]
[WhiteElo "1104"]
[BlackElo "1449"]
[PlyCount "58"]
[EventDate "2018.??.??"]
[Source "ChessBase"]
[SourceDate "2007.09.04"]

1. e4 c5 2. Nf3 g6 3. d4 cxd4 4. Nxd4 Bg7 5. Be3 Nc6 6. c3 Nf6 7. Bd3 O-O 8.
O-O d5 9. exd5 Nxd5 10. Qe2 Nxe3 11. Qxe3 Nxd4 12. cxd4 Bxd4 13. Qd2 e5 14. Nc3
Bd7 15. Rad1 Kg7 16. Ne2 Bb6 17. Be4 Bc6 18. Qb4 Qh4 19. Ng3 f5 20. Qxf8+ Rxf8
21. Bxc6 bxc6 22. a3 e4 23. Ne2 f4 24. Nd4 Qf6 25. Ne2 f3 26. Ng3 fxg2 27. Kxg2
Qf3+ 28. Kh3 Rf5 29. Rd7+ Kh6 0-1

[Event "Mechanics' Walter Shipman TNM G/2 d/5"]
[Site "San Francisco"]
[Date "2018.10.02"]
[Round "9.36"]
[White "Cowgill, Jackie"]
[Black "Cendejas, Jon Rodo"]
[Result "0-1"]
[WhiteElo "1104"]
[BlackElo "962"]
[Annotator "Winslow,Elliott"]
[PlyCount "124"]
[EventDate "2018.??.??"]
[Source "ChessBase"]
[SourceDate "2007.09.04"]

1. e4 e5 2. Nf3 Nc6 3. Bb5 a6 4. Ba4 Bc5 5. O-O Nf6 6. Re1 O-O 7. c3 b5 8. Bc2
d6 9. b4 Bb6 10. d3 h6 11. Nbd2 Re8 12. Nf1 Be6 13. h3 d5 14. Be3 Bxe3 15. Rxe3
Qd7 16. Re1 Rad8 17. a3 Qe7 18. Qc1 d4 19. cxd4 exd4 20. Ng3 Bc8 21. e5 Nd5 22.
Ne2 Nxe5 23. Nexd4 Nxf3+ 24. Nxf3 Qf6 25. Qd2 Re7 26. d4 Rde8 27. Rxe7 Rxe7 28.
Re1 c6 29. Rxe7 Qxe7 30. Qd3 Nf6 31. Bb3 Be6 32. Ne5 Nd7 33. Nxc6 Qd6 34. Bc2
$4 (34. d5 $1 $18) 34... Qxc6 35. Qh7+ Kf8 36. Qh8+ Ke7 37. Qh7 Nf6 38. Qd3 g6
39. Bb3 Bxb3 40. Qxb3 Qc1+ 41. Kh2 Qf4+ 42. Kg1 Qxd4 43. Qg3 Ne4 44. Qc7+ Kf8
45. Qb8+ Kg7 46. Qf4 g5 47. Qf3 Kg6 48. h4 h5 49. hxg5 Nxg5 50. Qc6+ Qf6 51.
Qa8 Qa1+ 52. Kh2 Qxa3 53. Qg8+ Kf6 54. Qh8+ Kg6 55. Qg8+ Kh6 56. Qf8+ Kh7 57.
Qc5 f6 58. Qf5+ Kg7 59. Qd7+ Kg6 60. Qd6 a5 61. Qb8 Qxb4 62. Qg8+ Kf5 0-1

[Event "Mechanics' Winter TNM; G/2 d5"]
[Site "San Francisco"]
[Date "2018.02.20"]
[Round "7.46"]
[White "Cowgill, Jackie"]
[Black "Eastham, Asher"]
[Result "0-1"]
[WhiteElo "927"]
[BlackElo "1652"]
[PlyCount "46"]
[EventDate "2018.??.??"]
[Source "ChessBase"]
[SourceDate "2007.09.04"]

1. e4 e5 2. Nf3 Nc6 3. Bb5 a6 4. Ba4 Nf6 5. O-O b5 6. Bb3 Nxe4 7. d4 d5 8. a4
Be6 9. Bg5 Nxg5 10. Nxg5 Qxg5 11. c3 Bd6 12. Nd2 O-O 13. Nf3 Qh6 14. axb5 e4
15. Ne5 Nxe5 16. dxe5 Bxe5 17. g3 axb5 18. Rb1 c6 19. Re1 Qh3 20. c4 Bg4 21. f3
Bxf3 22. Qxf3 exf3 23. Rxe5 Qg2# 0-1

[Event "Mechanics' Winter TNM; G/2 d5"]
[Site "San Francisco"]
[Date "2018.02.06"]
[Round "5.51"]
[White "Cowgill, Jackie"]
[Black "Erdenebileg, Matthew"]
[Result "1-0"]
[WhiteElo "927"]
[BlackElo "1450"]
[PlyCount "75"]
[EventDate "2018.??.??"]
[Source "ChessBase"]
[SourceDate "2007.09.04"]

1. e4 e5 2. Nf3 Nc6 3. Bb5 a6 4. Ba4 Nf6 5. O-O Be7 6. Re1 b5 7. Bb3 d6 8. a4
Bb7 9. d3 h6 10. Nc3 bxa4 11. Bxa4 O-O 12. Ne2 Kh8 13. Ng3 Nd7 14. c3 Bf6 15.
Be3 Nc5 16. Bxc6 Bxc6 17. b4 Ne6 18. Qd2 Kh7 19. c4 Nd4 20. Nxd4 exd4 21. Bxh6
gxh6 22. Nf5 Bg7 23. Nxg7 Kxg7 24. Qb2 Qf6 25. b5 axb5 26. cxb5 Bd7 27. Rxa8
Rxa8 28. b6 Rb8 29. b7 Bc6 30. Qc2 d5 31. exd5 Bxd5 32. Qxc7 Rxb7 33. Qg3+ Qg6
$2 (33... Qg5 $19) 34. Qe5+ Qf6 35. Qxd5 Re7 $2 36. Rxe7 Qxe7 37. Qxd4+ Kf8 $2
38. Qh8# 1-0

[Event "Mechanics' Shipman TNM; G/2 d/5"]
[Site "San Francisco"]
[Date "2018.09.11"]
[Round "6.43"]
[White "Cowgill, Jackie"]
[Black "James, Charles"]
[Result "0-1"]
[WhiteElo "1104"]
[BlackElo "1406"]
[PlyCount "110"]
[EventDate "2018.??.??"]
[Source "ChessBase"]
[SourceDate "2007.09.04"]

1. e4 c5 2. Nf3 d6 3. d4 cxd4 4. Nxd4 a6 5. Nc3 e5 6. Nf3 Nf6 7. Bg5 Be7 8. Bd3
Be6 9. Bxf6 Bxf6 10. Nd5 Nd7 11. Nxf6+ Nxf6 12. O-O h6 13. Re1 O-O 14. h3 Nh5
15. b3 Nf4 16. c4 Rc8 17. Rc1 g5 18. Be2 f6 19. Nh2 f5 20. Bf3 Rc7 21. exf5
Bxf5 22. Ng4 Rh7 23. Be4 Qe7 24. Bxf5 Rxf5 25. Ne3 Rf6 26. Nd5 Nxd5 27. Qxd5+
Rhf7 28. Rf1 Qd7 29. a4 Qc7 30. c5 Qa5 31. b4 Qxb4 32. cxd6 Qxd6 33. Qa5 Qd4
34. Qe1 e4 35. a5 Re7 36. Rd1 Qe5 37. Qb4 Ref7 38. Qe1 Rf5 39. Qd2 Qxa5 40.
Qxa5 Rxa5 41. Rfe1 Re5 42. Re3 Rfe7 43. g4 b5 44. Rd6 R7e6 45. Rd8+ Kf7 46.
Rd7+ Re7 47. Rxe7+ Kxe7 48. Kf1 Kd6 49. Ra3 e3 50. fxe3 Kc5 51. Rxa6 Rxe3 52.
Rxh6 b4 53. Kf2 Re5 54. Rh8 b3 55. Rc8+ Kb4 0-1

[Event "Mechanics' Bedjanian TNM; G/2 d/5"]
[Site "San Francisco"]
[Date "2018.11.13"]
[Round "4.34"]
[White "Cowgill, Jackie"]
[Black "McEnroe, Glenn"]
[Result "0-1"]
[WhiteElo "1007"]
[BlackElo "1508"]
[Annotator "Winslow,Elliott"]
[PlyCount "80"]
[EventDate "2018.??.??"]
[Source "ChessBase"]
[SourceDate "2007.09.04"]

1. e4 e6 2. d4 d5 3. Nc3 Bb4 4. e5 c5 5. a3 Bxc3+ 6. bxc3 Ne7 7. f4 $6 (7. a4)
(7. Nf3) (7. Qg4) 7... Qc7 8. Nf3 b6 9. Bd2 Ba6 10. Bxa6 Nxa6 11. O-O O-O 12.
a4 Nb8 13. Be3 Nd7 14. c4 $2 cxd4 15. Qxd4 Nf5 16. Qd3 Nxe3 17. Qxe3 Qxc4 18.
c3 Rfc8 19. Rfc1 Qc5 20. Nd4 Qc4 21. Nb5 Qc5 22. Qf2 Qxf2+ 23. Kxf2 Nc5 24. Nd6
Rc6 25. Rd1 Nb3 26. Rab1 Na5 (26... Rxc3) 27. Rdc1 Nc4 28. Ke2 Nxd6 29. exd6
Rxd6 30. Rb5 Rc6 31. h4 Rac8 32. Rb3 Rc4 33. g3 Rxa4 34. Rcb1 Ra2+ 35. Kd3 g6 (
35... Rg2) 36. g4 Rg2 37. Ra1 Rc7 38. Rba3 Rxg4 39. Rxa7 Rxa7 40. Rxa7 Rxf4 0-1

[Event "Mechanics' Summer TNM; G/2 d/5"]
[Site "San Francisco"]
[Date "2018.05.29"]
[Round "1.34"]
[White "Cowgill, Jackie"]
[Black "Rakonitz, David"]
[Result "0-1"]
[WhiteElo "1099"]
[BlackElo "1749"]
[PlyCount "66"]
[EventDate "2018.??.??"]
[Source "ChessBase"]
[SourceDate "2007.09.04"]

1. e4 e6 2. d4 d5 3. Nc3 Bb4 4. e5 c5 5. a3 Bxc3+ 6. bxc3 Qa5 7. Bd2 Qa4 8. Nf3
b6 9. Bd3 Ba6 10. O-O Bxd3 11. cxd3 Qxd1 12. Rfxd1 Nc6 13. dxc5 bxc5 14. c4
Nge7 15. Be3 d4 16. Bd2 O-O 17. Rab1 Rfb8 18. a4 a6 19. h3 Ng6 20. Re1 Kf8 21.
Kf1 h6 22. a5 Rxb1 23. Rxb1 Rb8 24. Rb6 Rxb6 25. axb6 Nd8 26. Ba5 Nb7 27. h4 $4
Nxa5 28. h5 Nf4 29. g4 Nxd3 30. g5 hxg5 31. Nxg5 Nxe5 32. Nh7+ Kg8 33. Ng5
Naxc4 0-1

[Event "Mechanics' Bedjanian TNM; G/2 d/5"]
[Site "San Francisco"]
[Date "2018.10.30"]
[Round "2.27"]
[White "Cowgill, Jackie"]
[Black "Robeal, Rafik"]
[Result "0-1"]
[WhiteElo "1007"]
[BlackElo "1667"]
[PlyCount "60"]
[EventDate "2018.??.??"]
[Source "ChessBase"]
[SourceDate "2007.09.04"]

1. e4 c6 2. d4 d5 3. exd5 cxd5 4. c4 Nf6 5. Nc3 Nc6 6. Nf3 e6 7. cxd5 Nxd5 8.
Nxd5 Qxd5 9. Be3 Bb4+ 10. Bd2 Be7 11. Be2 O-O 12. O-O Nxd4 13. Bc3 Nxe2+ 14.
Qxe2 b6 15. Rfd1 Qh5 16. Rac1 a5 17. b3 Ba6 18. Qb2 f6 19. a4 Rad8 20. Bd2 Be2
21. Re1 Bxf3 22. gxf3 Qxf3 23. Be3 Rd5 24. b4 Bd6 25. bxa5 Bxh2+ 26. Kf1 Qh3+
27. Ke2 Qg4+ 28. Kf1 Rfd8 29. Qxb6 Qh3+ 30. Ke2 Rd2+ 0-1

[Event "Mechanics' Spring TNM; G/2 d5"]
[Site "San Francisco"]
[Date "2018.03.27"]
[Round "2.43"]
[White "Cowgill, Jackie"]
[Black "Robertson, Terrance"]
[Result "0-1"]
[WhiteElo "1080"]
[BlackElo "1483"]
[PlyCount "73"]
[EventDate "2018.??.??"]
[Source "ChessBase"]
[SourceDate "2007.09.04"]

1. e4 e5 2. Nf3 Nf6 3. d4 Nxe4 4. dxe5 d5 5. exd6 Bxd6 6. Qd4 Nf6 7. Be2 Nc6 8.
Qd1 O-O 9. O-O Bf5 10. Bg5 h6 11. Bh4 Re8 12. Nc3 Be7 13. Bxf6 Bxf6 14. Nd5 Be6
15. Nxf6+ Qxf6 16. c3 a6 17. Re1 b5 18. Qc2 Rad8 19. a4 Bf5 20. Qc1 Na5 21. Ra3
Nc4 22. Ra1 c5 23. axb5 axb5 24. b3 Nd6 25. c4 b4 26. h3 Ne4 27. Nh2 Nc3 28.
Bf3 Qg6 29. Kh1 Be4 30. Bxe4 Rxe4 31. Qc2 Rxe1+ 32. Rxe1 Qxc2 33. Nf3 Rd1 34.
Rxd1 Qxd1+ 35. Kh2 Qxb3 36. Nd2 Qc2 37. Nf3 0-1

[Event "Mechanics' Bedjanian TNM; G/2 d/5"]
[Site "San Francisco"]
[Date "2018.12.04"]
[Round "7.42"]
[White "Cowgill, Jackie"]
[Black "Soffer, Josiah"]
[Result "1-0"]
[WhiteElo "1007"]
[BlackElo "847"]
[PlyCount "57"]
[EventDate "2018.??.??"]
[Source "ChessBase"]
[SourceDate "2007.09.04"]

1. e4 e5 2. Nf3 Nc6 3. Bb5 Nf6 4. O-O a6 5. Ba4 Nxe4 6. d4 exd4 7. Bxc6 dxc6 8.
Re1 Be7 9. Rxe4 Bf5 10. Rxd4 Qc8 11. Be3 c5 12. Rd2 O-O 13. Nc3 Bg4 14. Ne4 f5
15. Nxc5 f4 16. Bd4 Bxc5 17. Bxc5 Rf5 18. Bb4 a5 19. Ba3 Rg5 20. Kh1 b5 21. b3
b4 22. Bb2 Ra6 23. Qe2 Re6 24. Qc4 Qe8 25. Rad1 Qf7 26. Nxg5 Re1+ 27. Rxe1 Qxc4
28. bxc4 h6 29. Re8# 1-0

[Event "Mechanics' Winter TNM; G/2 d5"]
[Site "San Francisco"]
[Date "2018.01.16"]
[Round "2.47"]
[White "Cowgill, Jackie"]
[Black "Stearman, Micah"]
[Result "1/2-1/2"]
[WhiteElo "927"]
[BlackElo "1088"]
[Annotator " Donaldson"]
[PlyCount "103"]
[EventDate "2018.??.??"]
[Source "ChessBase"]
[SourceDate "2007.09.04"]

1. e4 e5 2. Nf3 Nc6 3. Bb5 a6 4. Ba4 b5 5. Bb3 Bb7 6. O-O Nf6 7. d3 Bc5 8. Bg5
O-O 9. a3 h6 10. Bh4 Qe7 11. Nc3 Nd4 12. Ba2 Qd6 13. b4 Bb6 14. Bxf6 Qxf6 15.
Nd5 Bxd5 16. Bxd5 Rac8 17. Ba2 c5 18. c3 Nc6 19. c4 cxb4 20. cxb5 axb5 21. Bd5
bxa3 22. Bxc6 Rxc6 23. Rxa3 Rcc8 24. Rb3 Rb8 25. Rb4 Ba5 26. Rb3 Qb6 27. Qb1 b4
28. Qd1 d5 29. Rb1 dxe4 30. dxe4 Rfd8 31. Qb3 Qc6 {Diagram [#]} 32. Nxe5 (32.
Qxf7+ $1) 32... Qxe4 $2 (32... Qf6) 33. Qxf7+ Kh8 34. Nf3 (34. Rbe1) 34... Rf8
35. Qd7 b3 36. Nd2 Qe2 $2 (36... Qc2) 37. Nxb3 Rfd8 38. Qf7 Rf8 39. Qd5 Rb5 40.
Qd1 Qxd1 41. Rfxd1 Rfb8 42. Ra1 Rxb3 43. Rxa5 Rb1 44. Rf1 Rxf1+ 45. Kxf1 Rb1+
46. Ke2 Rb2+ 47. Kf3 Rb3+ 48. Ke2 Rb2+ 49. Kf3 Rb3+ 50. Ke2 Rb2+ 51. Kf3 Rb3+
52. Ke2 1/2-1/2

[Event "Mechanics' Spring TNM; G/2 d5"]
[Site "San Francisco"]
[Date "2018.04.24"]
[Round "6.51"]
[White "Cowgill, Jackie"]
[Black "Tabatabai, Ashkon"]
[Result "1-0"]
[WhiteElo "1080"]
[BlackElo "1190"]
[PlyCount "67"]
[EventDate "2018.??.??"]
[Source "ChessBase"]
[SourceDate "2007.09.04"]

1. e4 e5 2. Nf3 Nc6 3. Bb5 Nf6 4. O-O Bc5 5. Re1 O-O 6. Bxc6 dxc6 7. c3 Bg4 8.
d3 Qd6 9. Be3 Rad8 10. Nbd2 Qxd3 11. Qc1 Bxe3 12. Rxe3 Qd6 13. Re1 Qd3 14. Nxe5
Qd6 15. Nxg4 Nxg4 16. Nf3 f5 17. Qc2 fxe4 18. Qxe4 h5 19. Rad1 Qc5 20. Qc2 Rd6
21. h3 Rdf6 22. Rf1 Ne5 23. Nxe5 Rxf2 24. Rxf2 Rxf2 25. Qxf2 Qxe5 26. Rd8+ Kh7
27. Qc2+ Kh6 28. Rh8+ Kg5 29. Qd2+ Kh4 30. Qf2+ Kg5 31. h4+ Kg4 32. Qf3+ Kxh4
33. Qh3+ Kg5 34. Rxh5+ 1-0

[Event "Mechanics' Bedjanian TNM; G/2 d/5"]
[Site "San Francisco"]
[Date "2018.11.27"]
[Round "6.32"]
[White "Cowgill, Jackie"]
[Black "Tuck, Drew"]
[Result "0-1"]
[WhiteElo "1007"]
[BlackElo "1484"]
[PlyCount "56"]
[EventDate "2018.??.??"]
[Source "ChessBase"]
[SourceDate "2007.09.04"]

1. e4 e6 2. d4 d5 3. Nc3 Nf6 4. e5 Nfd7 5. Nf3 c5 6. Ne2 Nc6 7. c3 Qb6 8. Rb1
Be7 9. Ng3 O-O 10. Be2 f6 11. O-O fxe5 12. Bg5 e4 13. Bxe7 Nxe7 14. Ng5 h6 15.
Nh3 Nf6 16. a4 Nc6 17. Re1 cxd4 18. cxd4 Qxd4 19. Nh5 Qxd1 20. Rbxd1 Bd7 21. b3
Rad8 22. f3 e3 23. Bb5 d4 24. Kh1 e5 25. Ng1 Na5 26. Bxd7 Rxd7 27. Rb1 d3 28.
Ng3 d2 0-1

[Event "Mechanics' Winter TNM; G/2 d5"]
[Site "San Francisco"]
[Date "2018.01.09"]
[Round "1.30"]
[White "Cryer, Benjamin"]
[Black "Ash, Richard D"]
[Result "0-1"]
[WhiteElo "1224"]
[BlackElo "1718"]
[Annotator "Donaldson"]
[PlyCount "84"]
[EventDate "2018.??.??"]
[Source "ChessBase"]
[SourceDate "2007.09.04"]

1. d4 d5 2. c4 Nf6 $6 (2... e6) 3. Nc3 (3. cxd5 Nxd5 4. Nf3 $14) 3... e6 4.
cxd5 exd5 5. Bg5 Nbd7 6. e4 $2 (6. e3) 6... dxe4 7. Nxe4 Bb4+ 8. Nc3 O-O 9. Be2
c6 10. Nf3 Qa5 11. Bd2 Nd5 12. Nxd5 Bxd2+ 13. Qxd2 Qxd5 14. O-O Re8 15. Rfe1
Nf6 16. Qc3 Be6 17. Ne5 Qd6 18. Bc4 Bxc4 19. Qxc4 Re6 20. Rad1 Rd8 21. Nf3 Re7
22. Rxe7 Qxe7 23. Re1 Qd6 24. Ng5 Qd5 25. Qxd5 Rxd5 26. Nf3 Kf8 27. h3 Rd7 28.
Re3 Nd5 29. Re2 Nf4 30. Re3 Ne6 31. Rd3 Rd5 32. Kf1 c5 33. Ra3 a6 34. dxc5 Rxc5
35. Rc3 Rxc3 36. bxc3 Nf4 37. Ng1 Ke7 38. Ne2 Nd3 39. Nd4 g6 40. Ke2 Nf4+ 41.
Kf3 Nd5 42. Ke4 $2 Nxc3+ 0-1

[Event "Mechanics' Winter TNM; G/2 d5"]
[Site "San Francisco"]
[Date "2018.02.20"]
[Round "7.21"]
[White "Cryer, Benjamin"]
[Black "Babayan, Gagik"]
[Result "0-1"]
[WhiteElo "1224"]
[BlackElo "1718"]
[PlyCount "68"]
[EventDate "2018.??.??"]
[Source "ChessBase"]
[SourceDate "2007.09.04"]

1. d4 f5 2. Nf3 Nf6 3. c4 c6 4. Nc3 e6 5. Bg5 d5 6. e3 Bb4 7. Qc2 O-O 8. Bd3
Qe8 9. O-O Bxc3 10. bxc3 Ne4 11. Bf4 Nd7 12. Ne5 g5 13. Nxd7 Bxd7 14. Be5 Nf6
15. f3 Qh5 16. Rae1 Be8 17. Be2 Qh6 18. Bxf6 Qxf6 19. cxd5 cxd5 20. Qb3 Bc6 21.
c4 Qe7 22. f4 g4 23. h3 h5 24. Kh2 Qh4 25. cxd5 exd5 26. Bb5 Rf7 27. Qa4 Bxb5
28. Qxb5 Rd8 29. Rc1 Rg7 30. Qa5 gxh3 31. Rf3 Rxg2+ 32. Kh1 Rg7 33. Kh2 b6 34.
Qd2 Rg2+ 0-1

[Event "Mechanics' Winter TNM; G/2 d5"]
[Site "San Francisco"]
[Date "2018.01.23"]
[Round "3.48"]
[White "Cryer, Benjamin"]
[Black "Chen, Bryant Alan"]
[Result "1-0"]
[WhiteElo "1224"]
[BlackElo "1523"]
[Annotator "Donaldson"]
[PlyCount "49"]
[EventDate "2018.??.??"]
[Source "ChessBase"]
[SourceDate "2007.09.04"]

1. d4 Nf6 2. c4 e6 3. Nc3 Bb4 4. Bg5 d5 (4... h6 5. Bh4 c5) 5. Nf3 O-O 6. e3
Nbd7 7. Bd3 dxc4 8. Bxc4 b6 9. O-O Bb7 10. a3 Be7 11. Re1 Ne4 12. Nxe4 Bxe4 13.
Bxe7 Qxe7 14. Bd3 Nf6 15. Ng5 Bxd3 16. Qxd3 Rfd8 17. Qc2 Rd5 18. Nf3 Nd7 19.
Qxc7 Rb8 20. Rac1 Qe8 21. Qxa7 Ra5 22. Qc7 Rba8 23. Rc2 R5a7 24. Qc6 Rc8 25.
Qxc8 1-0

[Event "Mechanics' Winter TNM; G/2 d5"]
[Site "San Francisco"]
[Date "2018.01.30"]
[Round "4.42"]
[White "Cryer, Benjamin"]
[Black "Van Der Wall, John"]
[Result "1/2-1/2"]
[WhiteElo "1224"]
[BlackElo "1534"]
[PlyCount "128"]
[EventDate "2018.??.??"]
[Source "ChessBase"]
[SourceDate "2007.09.04"]

1. d4 Nf6 2. c4 e6 3. Nc3 d5 4. cxd5 exd5 5. Bg5 Bb4 6. e3 Be6 7. Qc2 Nbd7 8.
Bd3 c5 9. Nf3 h6 10. Bh4 cxd4 11. Nxd4 O-O 12. O-O Re8 13. Nxe6 fxe6 14. Bh7+
Kh8 15. Bg6 Rf8 16. Ne2 Qb6 17. Bg3 Rac8 18. Qd1 Be7 19. b3 Nc5 20. Nf4 e5 21.
Nxd5 Nxd5 22. Qxd5 Qxg6 23. Bxe5 Bf6 24. Bd4 b6 25. Rac1 Rcd8 26. Qc4 Ne4 27.
Qc2 Qe8 28. Rfd1 Rc8 29. Qb1 Bh4 30. Rxc8 Bxf2+ 31. Kh1 Qxc8 32. Qxe4 Qf5 33.
Qxf5 Rxf5 34. g3 Ra5 35. Rd2 Be1 36. Rc2 Kh7 37. Kg2 Kg6 38. Re2 Bb4 39. Kf3
Be7 40. g4 Bd6 41. h3 Kf7 42. Bc3 Rg5 43. Rc2 Ke6 44. h4 Rg6 45. e4 h5 46. e5
hxg4+ 47. Kg3 Bxe5+ 48. Kg2 Bxc3 49. Rxc3 Kd6 50. Kg3 b5 51. a4 a6 52. axb5
axb5 53. b4 Re6 54. Rd3+ Kc6 55. Rd4 Rg6 56. Rxg4 Rxg4+ 57. Kxg4 Kd5 58. Kg5
Kc4 59. Kg6 Kxb4 60. Kxg7 Kc3 61. h5 b4 62. h6 b3 63. h7 b2 64. h8=Q b1=Q
1/2-1/2

[Event "Mechanics' Winter TNM; G/2 d5"]
[Site "San Francisco"]
[Date "2018.01.23"]
[Round "3.29"]
[White "Cunningham, Charles"]
[Black "Ash, Richard D"]
[Result "0-1"]
[WhiteElo "1406"]
[BlackElo "1718"]
[Annotator "Donaldson"]
[PlyCount "56"]
[EventDate "2018.??.??"]
[Source "ChessBase"]
[SourceDate "2007.09.04"]

1. e4 e5 2. Nf3 Nc6 3. Bb5 Nf6 4. Bxc6 dxc6 5. d3 Bg4 6. h3 Bxf3 7. Qxf3 Bc5 8.
O-O O-O 9. Bg5 Be7 10. Nd2 Nxe4 $5 11. Bxe7 $6 (11. Qxe4 Bxg5 12. Nf3 Re8 13.
Qb4 b6 14. Rfe1 Bf6 15. Re4 {followed by Rae1.}) 11... Nxd2 12. Qe3 $2 (12. Qd1
Qxe7 13. Qxd2 $15) 12... Qxe7 (12... Nxf1 $1 13. Qc5 b6 14. Qa3 Qd4 15. Bxf8
Ne3 $17) 13. Qxd2 Rad8 14. Rfe1 Rfe8 15. Re3 Rd5 16. Rae1 Qd6 17. c3 (17. Qc3)
17... f5 18. d4 c5 19. Qe2 cxd4 20. cxd4 e4 21. f3 Rxd4 22. fxe4 Rdxe4 23. Qf3
Rxe3 24. Rxe3 Qd4 25. Kf2 Qd2+ 26. Re2 Rxe2+ 27. Qxe2 Qxe2+ 28. Kxe2 Kf7 0-1

[Event "Mechanics' Spring TNM; G/2 d5"]
[Site "San Francisco"]
[Date "2018.05.08"]
[Round "8.43"]
[White "Cunningham, Charles"]
[Black "Bayaraa, Timothy"]
[Result "1-0"]
[WhiteElo "1406"]
[BlackElo "1019"]
[PlyCount "39"]
[EventDate "2018.??.??"]
[Source "ChessBase"]
[SourceDate "2007.09.04"]

1. e4 e5 2. Nf3 Nc6 3. Bb5 a6 4. Bxc6 dxc6 5. O-O Bg4 6. d3 Bc5 7. Bg5 $2 {
Diagram [#]} f6 (7... Bxf3 8. Bxd8 Bxd1 {wins a piece.}) 8. Bh4 g5 9. Bg3 h5
10. h3 h4 11. Bh2 Bh5 12. c3 g4 13. hxg4 Bxg4 14. d4 exd4 15. cxd4 Bb4 16. Qb3
Qe7 17. a3 Bd6 18. Qxb7 Bxh2+ 19. Nxh2 Rc8 20. Nxg4 1-0

[Event "Mechanics' Winter TNM; G/2 d5"]
[Site "San Francisco"]
[Date "2018.01.09"]
[Round "1.18"]
[White "Cunningham, Charles"]
[Black "Clemens, Kristian"]
[Result "0-1"]
[WhiteElo "1406"]
[BlackElo "1917"]
[PlyCount "84"]
[EventDate "2018.??.??"]
[Source "ChessBase"]
[SourceDate "2007.09.04"]

1. e4 e5 2. Nf3 Nf6 3. d4 Nxe4 4. Nxe5 d6 5. Nxf7 $2 {Diagram [#]} Kxf7 $2 (
5... Qe7 $1) 6. Qh5+ g6 7. Qd5+ Ke8 8. Qxe4+ Be7 9. Bd3 Nc6 10. O-O Bf5 11. Qe3
Qd7 12. c3 Kd8 13. Qg3 Kc8 14. Bb5 a6 15. Ba4 d5 16. Bf4 h5 17. h3 h4 18. Qh2
g5 19. Be5 Rg8 20. g4 hxg3 21. fxg3 b5 22. g4 $2 Bxb1 23. Raxb1 bxa4 24. Rf7
Rf8 25. Rbf1 Kb7 26. Qe2 Rxf7 27. Rxf7 Qe6 28. Rf5 Nxd4 29. cxd4 c5 30. Qd2 Rc8
31. dxc5 Rxc5 32. Qb4+ Rb5 33. Qxa4 Bc5+ 34. Kf1 Be7 35. Qc2 Bd8 36. a4 Rb4 37.
b3 Re4 38. Qc3 a5 39. Bg3 Re3 40. Qg7+ Be7 41. Re5 Qa6+ 42. Kg2 Qe2+ 0-1

[Event "Mechanics' Summer TNM; G/2 d/5"]
[Site "San Francisco"]
[Date "2018.07.10"]
[Round "7.25"]
[White "Cunningham, Charles"]
[Black "Cortinas, Martin A"]
[Result "0-1"]
[WhiteElo "1403"]
[BlackElo "1752"]
[PlyCount "56"]
[EventDate "2018.??.??"]
[Source "ChessBase"]
[SourceDate "2007.09.04"]

1. e4 c6 2. Nc3 d5 3. exd5 cxd5 4. Bb5+ Bd7 5. d3 Bxb5 6. Nxb5 Qa5+ 7. Nc3 d4
8. Qf3 dxc3 9. b3 Nc6 10. Ne2 Nf6 11. O-O e6 12. Be3 Bd6 13. h3 Qd5 14. Nxc3
Qxf3 15. gxf3 Be5 16. Bd2 Rc8 17. Rae1 Nd4 18. Kg2 Nxf3 19. Kxf3 Bxc3 20. Bxc3
Rxc3 21. Re2 O-O 22. Ke3 Rfc8 23. Rc1 Nd5+ 24. Kd2 Nb4 25. Re4 Nxd3 26. Rc4
R3xc4 27. Kxd3 Rc3+ 28. Kd2 h5 0-1

[Event "Mechanics' Winter TNM; G/2 d5"]
[Site "San Francisco"]
[Date "2018.01.30"]
[Round "4.48"]
[White "Cunningham, Charles"]
[Black "Cowgill, Jackie"]
[Result "1-0"]
[WhiteElo "1406"]
[BlackElo "927"]
[Annotator "Donaldson"]
[PlyCount "101"]
[EventDate "2018.??.??"]
[Source "ChessBase"]
[SourceDate "2007.09.04"]

1. e4 e5 2. Nf3 Nc6 3. Bb5 a6 4. Bxc6 dxc6 5. d3 Bg4 6. h3 Bh5 7. g4 Bg6 8.
Nxe5 Nf6 9. Nxg6 fxg6 10. Qe2 Nd7 11. a3 Nb6 12. Nc3 Qd7 13. Bf4 O-O-O 14.
O-O-O Be7 15. e5 Qe6 16. Bg3 g5 17. d4 Nd5 18. Qd2 Nxc3 19. Qxc3 g6 20. h4 gxh4
21. Bxh4 Bxh4 22. Rxh4 g5 23. Rh5 Qxg4 24. Qh3 Qxh3 25. Rxh3 b6 (25... h5) 26.
c3 Kb7 (26... h5) 27. Rdh1 Rhf8 28. R1h2 c5 29. Rxh7 cxd4 30. e6 Rde8 31. Rf7
Rxf7 32. exf7 Rf8 33. Rh7 dxc3 34. bxc3 Kc6 35. Kd2 Kd6 36. Rg7 Ke6 37. Rxg5
Rxf7 38. Ke3 Kf6 39. f4 Rg7 $4 (39... Re7+ $11) (39... Rd7 $11) 40. Rxg7 Kxg7
41. Ke4 Kf6 42. Kd5 Kf5 43. Kc6 Kxf4 44. Kxc7 Ke5 45. Kxb6 Kd5 46. Kxa6 Kc4 47.
a4 Kxc3 48. Kb5 Kb3 49. a5 Ka3 50. a6 Kb3 51. a7 1-0